| 000 | 00939nam0a22002411 4500 | ||
|---|---|---|---|
| 001 | rc\1102213 | ||
| 005 | 20041126174050.6 | ||
| 035 | _a(NLR Aleph) 006347413 | ||
| 090 |
_a4765209 _c4765209 |
||
| 100 | _a20041126d1983 u |0rusy50 ca | ||
| 101 | 0 | _arus | |
| 102 | _aRU | ||
| 105 | _ay ||||||||| | ||
| 200 | 1 |
_aОпределенный интеграл и его приложения _eМетод. руководство _fМ-во высш. и сред. спец. образования РСФСР, Уфим. нефт. ин-т, Каф. высш. математики _g[Сост. Степанова М.Ф., к. т. н., доц.] |
|
| 210 |
_aУфа _cУНИ _d1983 |
||
| 215 |
_a[1], 36 с. _d20 |
||
| 702 | 1 |
_aСтепанова _bМ. Ф. _4220 |
|
| 712 | 0 | 2 |
_aУфимский нефтяной ин-т _3RU\NLR\AUTH\889985447 |
| 801 | 0 |
_aRU _bNLR _gpsbo |
|
| 801 | 1 |
_aRU _bELAR _2rusmarc |
|
| 852 |
_aNLR _j84-4/5971 |
||
| 942 | _cBOOK | ||
| 980 | _aNB | ||